000 00415nam a22001577a 4500
003 LK-CoDNM
005 20240816094551.0
008 240816b |||||||| |||| 00| 0 eng d
040 _aLK-CoDNM
_dLK-CoDNM
_eLK-CoDNM
080 _a9
_bS8
100 _aMuller,Max, F
245 _aThe sacred books of the east - vol 3
260 _aclaredon press
_boxford
_c1899
300 _axxx, 492p. : map ; 24 cm
942 _cBK
999 _c148082
_d148082